Les 200 villes de France avec le plus de monuments historiques sur une Carte - Statistiques

Statistiques générales
  • Ce quiz a été pris 1 717 fois
  • Le résultat moyen est 78 sur 200
Réponses sur la Carte
Les réponses sont colorées sur une échelle allant du rouge au vert en fonction du pourcentage des utilisateurs qui les ont devinées à leur premier essai. Vous pouvez retrouver ces pourcentages ci-dessous.
 
Statistiques - réponses
Monuments Ville Habitants % Correct
1 855 Paris 2 175 601
97%
86 Marseille 868 277
91%
377 Bordeaux 257 068
90%
210 Lille 233 098
90%
240 Lyon 518 635
90%
52 Toul 15 470
89%
230 Strasbourg 284 677
88%
74 Nice 341 032
87%
226 Toulouse 486 828
86%
127 Nantes 314 138
85%
96 Rennes 217 728
82%
115 Montpellier 290 053
79%
213 Dijon 156 854
78%
293 La Rochelle 76 114
78%
90 Caen 105 512
77%
25 Ajaccio 70 817
76%
228 Rouen 111 360
76%
149 Tours 136 463
76%
180 Clermont-Ferrand 146 734
75%
24 Toulon 176 198
75%
123 Metz 116 851
74%
166 Orléans 116 238
74%
64 Reims 182 211
74%
117 Versailles 85 205
74%
31 Dunkerque 86 865
73%
28 Le Havre 169 733
73%
262 Nancy 104 885
72%
35 Perpignan 119 188
72%
100 Angers 154 508
71%
94 Nîmes 149 633
71%
156 Aix-en-Provence 143 097
70%
33 Grenoble 157 650
70%
59 Île-d'Aix 211
70%
58 Amiens 133 891
69%
36 Saint-Étienne 173 089
69%
57 Saint-Denis 150 535
68%
161 Avignon 91 729
67%
82 Le Mans 143 252
67%
58 Quimper 63 166
67%
85 Saint-Malo 46 478
67%
23 Annecy 128 199
65%
85 Poitiers 88 665
64%
67 Limoges 131 479
63%
35 Mulhouse 108 942
63%
191 Besançon 116 775
62%
34 Bourg-en-Bresse 41 248
62%
25 Bourg-Saint-Andéol 7 167
62%
58 Colmar 68 703
62%
37 Vannes 53 438
62%
25 Bayonne 51 411
61%
48 Carcassonne 46 513
61%
227 Arras 41 555
58%
41 Troyes 61 996
57%
37 Auxerre 34 764
56%
42 Cayenne 63 652
56%
112 Bourges 64 668
55%
36 Béziers 77 599
54%
25 Chambéry 58 833
54%
64 Narbonne 55 375
54%
94 Arles 51 031
53%
41 Chartres 38 426
53%
39 Roubaix 98 089
53%
66 Blois 45 871
52%
37 Laval 49 573
51%
34 Fort-de-France 78 126
50%
27 Niort 59 059
50%
32 Saint-Brieuc 44 170
50%
38 Albi 48 993
49%
62 Charleville-Mézières 46 391
49%
38 Angoulême 41 711
48%
24 Beauvais 56 605
48%
46 Chalon-sur-Saône 44 810
48%
61 Le Mont-Saint-Michel 30
47%
57 Nevers 33 279
47%
22 Tourcoing 97 442
46%
43 Montauban 60 952
45%
36 Valenciennes 43 405
45%
30 Rodez 24 319
44%
22 Verdun 17 161
44%
34 Agen 33 012
43%
44 Périgueux 30 060
43%
50 Vichy 24 854
43%
72 Laon 24 710
42%
24 Mâcon 33 810
42%
33 Saint-Pierre 84 961
41%
31 Alençon 25 775
40%
27 Aurillac 25 531
40%
27 Épinal 32 223
40%
30 Fréjus 42 253
40%
85 Le Puy-en-Velay 19 061
40%
43 Cahors 19 907
39%
25 Saint-Paul 103 492
39%
25 Auch 22 200
38%
23 Dieppe 28 561
38%
37 Hyères 55 069
38%
52 Moulins 19 563
38%
32 Mende 12 227
37%
20 Brive-la-Gaillarde 46 630
36%
39 Compiègne 40 542
36%
41 Fontainebleau 15 407
36%
31 Bayeux 13 017
35%
37 Beaune 20 711
35%
52 Châlons-en-Champagne 44 246
35%
72 Dinan 14 281
35%
45 Douai 39 634
35%
24 Saintes 25 148
35%
36 Bar-le-Duc 14 733
34%
21 Briançon 11 084
34%
83 Lons-le-Saunier 17 320
34%
39 Vienne 29 583
34%
20 Castres 41 795
33%
24 Fougères 20 528
33%
26 Grasse 48 865
33%
39 Sens 26 586
31%
22 Chaumont 21 990
30%
31 Lannion 20 040
30%
33 Montbéliard 25 809
30%
24 Soissons 28 522
30%
28 Abbeville 22 837
29%
20 Bonifacio 3 189
29%
48 Dole 23 770
29%
59 Honfleur 7 138
29%
23 Montluçon 34 938
29%
23 Morlaix 14 729
29%
47 Saumur 26 599
29%
74 Sarlat-la-Canéda 81 230
27%
29 Villefranche-de-Conflent 211
27%
28 Villefranche-de-Rouergue 13 193
27%
21 Villefranche-sur-Saône 36 288
27%
30 Cambrai 32 501
26%
67 Carnac 4 250
26%
30 Lisieux 20 171
26%
20 Cognac 18 628
25%
55 Provins 12 000
25%
22 Haguenau 34 789
24%
25 Carpentras 28 798
23%
25 Amboise 12 693
22%
74 Riom 7 789
22%
28 Saint-Omer 14 726
22%
31 Saint-Germain-en-Laye 44 750
21%
35 Sélestat 19 360
21%
33 Senlis 14 891
21%
21 Le Touquet-Paris-Plage 4 229
20%
25 Villeneuve-lès-Avignon 11 769
20%
73 Vitré 18 267
20%
47 Autun 13 157
19%
32 Chinon 8 145
19%
24 Rocamadour 611
19%
21 Vendôme 16 133
19%
24 Thiers 11 778
18%
26 Figeac 9 778
17%
47 Langres 7 699
17%
42 Uzès 8 420
17%
23 Auray 13 945
16%
58 Châteaudun 13 078
16%
25 Fontenay-le-Comte 13 302
16%
25 Loches 6 232
16%
33 Saint-Flour 6 365
16%
21 Condom 6 508
14%
20 Montbrison 15 656
14%
52 Beaucaire 15 718
12%
55 Pont-à-Mousson 14 434
12%
21 Saint-Émilion 1 866
12%
27 Tarascon 15 195
11%
29 Cluny 4 880
10%
24 Falaise 8 086
10%
25 Obernai 11 350
10%
27 Wissembourg 7 519
10%
22 Les Baux-de-Provence 349
9%
20 Ploërmel 9 787
9%
24 Neufchâteau 6 642
8%
27 Collonges-la-Rouge 483
7%
40 Riquewihr 1 081
7%
22 Tournus 5 524
7%
27 Tréguier 2 401
7%
24 Châtillon-sur-Seine 5 354
6%
26 Cordes-sur-Ciel 828
6%
28 Kaysersberg 2 450
6%
23 Locronan 785
6%
81 Pérouges 1 259
6%
40 Pézenas 8 148
6%
93 Richelieu 1 678
6%
22 Gray 5 541
5%
20 Salers 328
5%
23 Aire-sur-la-Lys 9 772
4%
27 Le Faou 1 735
4%
21 Maisons-Laffitte 23 611
4%
59 Mirepoix 3 130
4%
21 Crémieu 3 311
3%
21 Fontvieille 3 568
3%
28 Les Eyzies 838
3%
38 Phalsbourg 4 728
3%
21 Salins-les-Bains 2 767
3%
21 Billom 4 754
2%
20 Bouxwiller 3 860
2%
25 Pernes-les-Fontaines 9 975
2%
27 Rouffach 4 417
2%
20 Alet-les-Bains 390
1%
26 Auvillar 916
1%
30 Monpazier 466
1%
Aucun quiz correspondant
Distribution des résultats
% des personnes avec chaque résultat
Percentile par nombre de réponses
Votre historique - résultats
Vous n’avez pas pris ce quiz